000 00466nam a2200181Ia 4500
003 GCL
008 140319s9999 xx 000 0 eng d
040 _aGCL /
_cGCL
082 0 4 _a791,45
_bC T
100 1 _aCORNEY,JOHN
245 1 0 _aTELEVISION TIMES: A READER /
_cCORNEY,JOHN
700 1 _aHARVEY,SYLVIA
260 _a[S.N] :
_bARNOLD PUBLISHERS ،
_c1996
300 _a268 P
650 0 4 _aTELEVISION - BROADCASTING
650 0 4 _aTELEVISION
942 _2ddc
_cBK
999 _c12976
_d12976